GMAT Success (Record no. 351768)
[ view plain ]
| 000 -LEADER | |
|---|---|
| fixed length control field | 00526nam a22001937a 4500 |
| 003 - CONTROL NUMBER IDENTIFIER | |
| control field | OSt |
| 005 - DATE AND TIME OF LATEST TRANSACTION | |
| control field | 20180116183054.0 |
| 008 - FIXED-LENGTH DATA ELEMENTS--GENERAL INFORMATION | |
| fixed length control field | 160905b xxu||||| |||| 00| 0 eng d |
| 020 ## - INTERNATIONAL STANDARD BOOK NUMBER | |
| International Standard Book Number | 9781560795834 |
| 040 ## - CATALOGING SOURCE | |
| Transcribing agency | 0 |
| 082 ## - DEWEY DECIMAL CLASSIFICATION NUMBER | |
| Classification number | 650.076 SCH 1996 |
| 100 ## - MAIN ENTRY--PERSONAL NAME | |
| Personal name | Nila Gandhi-Schwatlo |
| 245 ## - TITLE STATEMENT | |
| Title | GMAT Success |
| Remainder of title | PETERSON'S The Innovative Leader in College Guides |
| Statement of responsibility, etc. | Nila Gandhi-Schwatlo |
| 250 ## - EDITION STATEMENT | |
| Edition statement | 1997ed. |
| 260 ## - PUBLICATION, DISTRIBUTION, ETC. | |
| Place of publication, distribution, etc. | New Jersey |
| Name of publisher, distributor, etc. | Peterson's |
| Date of publication, distribution, etc. | 1996 |
| 300 ## - PHYSICAL DESCRIPTION | |
| Extent | 299p. |
| Other physical details | PB |
| 440 ## - SERIES STATEMENT/ADDED ENTRY--TITLE | |
| Title | GMAT Success |
| 942 ## - ADDED ENTRY ELEMENTS (KOHA) | |
| Source of classification or shelving scheme | |
| Koha item type | Book |
| Withdrawn status | Lost status | Source of classification or shelving scheme | Damaged status | Not for loan | Collection code | Permanent Location | Current Location | Shelving location | Date acquired | Total Checkouts | Full call number | Barcode | Date last seen | Date last checked out | Price effective from | Koha item type |
|---|---|---|---|---|---|---|---|---|---|---|---|---|---|---|---|---|
| Central Library (CL) | Central Library (CL) | General Stacks | 09/05/2016 | 2 | 650.076 SCH 1996 | NBSD-2763 | 02/22/2023 | 02/25/2022 | 09/05/2016 | Book |
